| 000 | 01469cam a2200433 4500 | ||
|---|---|---|---|
| 999 |
_c23248 _d23248 |
||
| 001 | vtls011990876 | ||
| 005 | 20220428130707.0 | ||
| 008 | 220422s2020 xo er 010 f slo | ||
| 020 |
_a9788055172477 _q(viazané) |
||
| 035 | _aurn:nbn:sk:snk-am00ghkk | ||
| 035 | _aurn:nbn:sk:snk-as3ts0z | ||
| 035 | _a62286653-2610-49E6-9367-89B2BDE31F6D | ||
| 040 |
_aTTKJF _bslo _cTTKJF _erda |
||
| 041 | 1 |
_aslo _heng |
|
| 044 |
_axo _cSK |
||
| 072 | 7 |
_a821.111-3 _xAnglická próza, anglicky písaná _2konspekt |
|
| 080 |
_a821.111(415)-31 _22011 |
||
| 080 |
_a(0:82-311.6) _22011 |
||
| 080 |
_a821-311.6 _22011 |
||
| 100 | 1 |
_aDempsey, Eoin, _d1977- _4aut _93066 |
|
| 240 | 1 | 0 |
_aWhite Rose, Black Forest _lSlovensky |
| 245 | 1 | 0 |
_aBiela ruža, Čierny les _cEoin Dempsey ; preložila Beata Horná |
| 264 | 1 |
_aBratislava _bIkar _c2020 |
|
| 300 |
_a278 strán _c21 cm |
||
| 336 |
_atext _btxt _2rdacontent |
||
| 337 |
_abez média _bn _2rdamedia |
||
| 338 |
_azväzok _bnc _2rdacarrier |
||
| 500 | _aPreložené z angličtiny | ||
| 500 | _aObsahuje biografické údaje o autorovi | ||
| 655 | 7 |
_aírske romány (anglicky) _2SNKPH _92550 |
|
| 655 | 7 |
_ahistorické romány _2SNKPH _91688 |
|
| 655 | 7 |
_avojnové romány _2SNKPH _93067 |
|
| 655 | 7 |
_aIrish fiction (English) _2SNKPHeng _92551 |
|
| 655 | 7 |
_aHistorical novels _2SNKPHeng _91689 |
|
| 655 | 7 |
_aWar novels _2SNKPHeng _93068 |
|
| 700 | 1 |
_aHorná, Beata _c(prekladateľka) _4trl _92113 |
|
| 958 | _aLX | ||
| 958 | _aUP | ||